[Event "Niska Banja op"]
[Site "Niska Banja"]
[Date "2020.02.14"]
[Round "3"]
[White "Kraguljac, Pero"]
[Black "Colic, Milos"]
[Result "1-0"]
[WhiteElo "2050"]
[BlackElo "1514"]
[PlyCount "32"]
[EventDate "2020.02.13"]
[EventType "swiss"]
[EventRounds "7"]
[EventCountry "SRB"]
[SourceTitle "CBM 195 Extra"]
[Source "ChessBase"]
[SourceDate "2020.05.31"]
[SourceVersion "1"]
[SourceVersionDate "2020.05.31"]
[SourceQuality "1"]

1. Nf3 Nf6 2. d3 d5 3. Nbd2 e6 4. g3 Bd6 5. Bg2 0-0 6. 0-0 b6 7. e4 dxe4 8. Nxe4 Bb7 9. Nxd6 cxd6 10. Re1 h6 11. Qe2 Re8 12. c3 Nbd7 13. Nd4 Bxg2 14. Kxg2 Qc7 15. a4 a6 16. Bd2 Ne5 1-0

[Event "SRB-chT2 East"]
[Site "Vrnjacka Banja"]
[Date "2015.10.09"]
[Round "7.23"]
[White "Kraguljac, Pero"]
[Black "Jovanovic, Aleksandar D"]
[Result "1-0"]
[WhiteElo "2121"]
[BlackElo "2195"]
[PlyCount "95"]
[EventDate "2015.08.28"]
[EventType "team-tourn"]
[EventRounds "11"]
[EventCountry "SRB"]
[SourceTitle "EXT 2022"]
[Source "ChessBase"]
[SourceDate "2021.10.06"]
[SourceVersion "1"]
[SourceVersionDate "2021.10.06"]
[SourceQuality "1"]

1. e4 e5 2. Nf3 Nc6 3. Bb5 a6 4. Ba4 Nf6 5. 0-0 Be7 6. Re1 b5 7. Bb3 d6 8. c3 Bg4 9. d3 Na5 10. Bc2 Nd7 11. h3 Bh5 12. Nbd2 Nb7 13. Nf1 Nbc5 14. Ng3 Bg6 15. d4 Ne6 16. a4 b4 17. d5 Nf4 18. cxb4 Qb8 19. Bd2 0-0 20. Ne2 Nxe2+ 21. Rxe2 Rc8 22. Bc3 c6 23. dxc6 Rxc6 24. Bd3 Rc7 25. Rc1 Qb7 26. Re1 Nf6 27. Qe2 Qa7 28. Bd2 Rac8 29. Nh4 Rxc1 30. Bxc1 a5 31. Nxg6 hxg6 32. Be3 Qa8 33. bxa5 Nxe4 34. Bb6 Nf6 35. a6 e4 36. Bb5 Qb8 37. Bd4 d5 38. Qe3 Ne8 39. Rc1 Nd6 40. Rxc8+ Nxc8 41. Qc3 Bf6 42. Bxf6 gxf6 43. Qxf6 Na7 44. Bf1 Qb4 45. Qd8+ Kg7 46. Qxd5 Qxa4 47. Qc5 Nc6 48. b3 1-0

[Event "SRB-chT2 East"]
[Site "Leskovac"]
[Date "2014.09.26"]
[Round "3.6"]
[White "Kraguljac, Pero"]
[Black "Zlatanovic, Zoran"]
[Result "1/2-1/2"]
[WhiteElo "2128"]
[BlackElo "2154"]
[PlyCount "41"]
[EventDate "2014.09.25"]
[EventType "team-swiss"]
[EventRounds "6"]
[EventCountry "SRB"]
[SourceTitle "EXT 2015"]
[Source "ChessBase"]
[SourceDate "2014.11.20"]
[SourceVersion "1"]
[SourceVersionDate "2014.11.20"]
[SourceQuality "1"]

1. Nf3 Nf6 2. g3 g6 3. Bg2 Bg7 4. 0-0 0-0 5. d3 d5 6. c3 a5 7. Qc2 Nc6 8. e4 e5 9. Re1 h6 10. Nbd2 Re8 11. Nf1 Be6 12. a3 a4 13. N1d2 Qd7 14. exd5 Nxd5 15. Ne4 Qe7 16. Nxe5 Nb6 17. Nd2 Na5 18. Nec4 Nbxc4 19. Nxc4 Nb3 20. Rd1 Nxc1 21. Rdxc1 1/2-1/2

[Event "SRB-chT2 East"]
[Site "Leskovac"]
[Date "2014.09.25"]
[Round "1.4"]
[White "Kraguljac, Pero"]
[Black "Popchev, Milko"]
[Result "1/2-1/2"]
[WhiteElo "2128"]
[BlackElo "2240"]
[PlyCount "23"]
[EventDate "2014.09.25"]
[EventType "team-swiss"]
[EventRounds "6"]
[EventCountry "SRB"]
[SourceTitle "EXT 2015"]
[Source "ChessBase"]
[SourceDate "2014.11.20"]
[SourceVersion "1"]
[SourceVersionDate "2014.11.20"]
[SourceQuality "1"]

1. Nf3 d6 2. g3 e5 3. d3 f5 4. Bg2 Nf6 5. 0-0 g6 6. c3 Bg7 7. Nbd2 e4 8. dxe4 fxe4 9. Nxe4 Nbd7 10. Nfg5 Qe7 11. Nxf6+ Nxf6 12. Ne4 1/2-1/2

[Event "Nis Pantelej op 2nd"]
[Site "Nis"]
[Date "2014.08.09"]
[Round "9"]
[White "Stojkovic, Zoran"]
[Black "Kraguljac, Pero"]
[Result "0-1"]
[WhiteElo "1953"]
[BlackElo "2116"]
[PlyCount "74"]
[EventDate "2014.08.03"]
[EventType "swiss"]
[EventRounds "9"]
[EventCountry "SRB"]
[SourceTitle "CBM 162 Extra"]
[Source "ChessBase"]
[SourceDate "2014.10.17"]
[SourceVersion "1"]
[SourceVersionDate "2014.10.17"]
[SourceQuality "1"]

1. d4 Nf6 2. c4 c5 3. d5 e6 4. Nc3 exd5 5. cxd5 d6 6. e4 a6 7. a4 g6 8. Nf3 Bg7 9. Nd2 0-0 10. Be2 Re8 11. 0-0 Nbd7 12. f4 Rb8 13. Qc2 Nf8 14. h3 c4 15. Nxc4 b5 16. axb5 axb5 17. Nd2 b4 18. Nd1 Nxd5 19. Bc4 Nf6 20. Nf2 Be6 21. Rd1 Rc8 22. Qd3 d5 23. Bb5 dxe4 24. Ndxe4 Qxd3 25. Rxd3 Red8 26. Rxd8 Rxd8 27. Ng5 Bb3 28. Kh2 Ne6 29. Nge4 Nxe4 30. Nxe4 Bc2 31. Ng3 Nd4 32. Bc4 Bb3 33. Bf1 Nc2 34. Ra7 Rd1 35. Ra8+ Bf8 36. Ne2 Rxf1 37. f5 Rxc1 0-1

[Event "Nis Pantelej op 2nd"]
[Site "Nis"]
[Date "2014.08.06"]
[Round "5"]
[White "Bojkovic, Slobodan"]
[Black "Kraguljac, Pero"]
[Result "0-1"]
[WhiteElo "2227"]
[BlackElo "2116"]
[PlyCount "80"]
[EventDate "2014.08.03"]
[EventType "swiss"]
[EventRounds "9"]
[EventCountry "SRB"]
[SourceTitle "CBM 162 Extra"]
[Source "ChessBase"]
[SourceDate "2014.10.17"]
[SourceVersion "1"]
[SourceVersionDate "2014.10.17"]
[SourceQuality "1"]

1. e4 d6 2. d4 Nf6 3. Nc3 g6 4. Bg5 Nbd7 5. f4 h6 6. Bh4 c5 7. e5 cxd4 8. Qxd4 dxe5 9. fxe5 g5 10. Bf2 Bg7 11. exf6 Bxf6 12. Qd2 0-0 13. 0-0-0 Qa5 14. Kb1 Ne5 15. Nd5 Qa4 16. Nxf6+ exf6 17. b3 Qc6 18. Ne2 Bg4 19. Nd4 Qd5 20. Rc1 Rfd8 21. h4 Nc6 22. c3 Rac8 23. hxg5 hxg5 24. Qc2 Qa5 25. Nxc6 Rxc6 26. Qb2 Qf5+ 27. Ka1 Qf4 28. Be1 Rcd6 29. Bc4 Rd1 30. Bg3 Rxc1+ 31. Rxc1 Qxg3 32. a4 a6 33. Rc2 Kg7 34. Rf2 Qe3 35. Ka2 Rd6 36. Qc2 f5 37. Bf1 f4 38. c4 Bd1 39. Qb2+ f6 40. a5 Bxb3+ 0-1

[Event "Nis Pantelej op 2nd"]
[Site "Nis"]
[Date "2014.08.04"]
[Round "3"]
[White "Krstic, Aca Jovan"]
[Black "Kraguljac, Pero"]
[Result "1/2-1/2"]
[WhiteElo "1811"]
[BlackElo "2116"]
[PlyCount "94"]
[EventDate "2014.08.03"]
[EventType "swiss"]
[EventRounds "9"]
[EventCountry "SRB"]
[SourceTitle "CBM 162 Extra"]
[Source "ChessBase"]
[SourceDate "2014.10.17"]
[SourceVersion "1"]
[SourceVersionDate "2014.10.17"]
[SourceQuality "1"]

1. e4 d6 2. d4 Nf6 3. Nc3 Nbd7 4. Nf3 e5 5. Bc4 Be7 6. h3 0-0 7. Be3 c6 8. a4 b6 9. 0-0 Bb7 10. Re1 a6 11. dxe5 dxe5 12. Bg5 Qc7 13. Nh4 Nc5 14. Nf5 Ne6 15. Bxf6 Bxf6 16. Qd6 Rfd8 17. Qxc7 Nxc7 18. Red1 Ne8 19. Rxd8 Rxd8 20. Rd1 Kf8 21. f3 b5 22. Bb3 g6 23. Rxd8 Bxd8 24. Nh6 Nd6 25. axb5 axb5 26. Kf1 Ba6 27. Kf2 Bb6+ 28. Ke1 Kg7 29. Ng4 f6 30. Be6 h5 31. Nf2 Kf8 32. Bd7 Bb7 33. Be6 Ke7 34. Bg8 Bc8 35. Nd3 Bd7 36. Ke2 f5 37. Nb4 Bc5 38. Nd3 Nb7 39. b4 Bb6 40. g4 hxg4 41. hxg4 Kf6 42. Ba2 Nd8 43. Nd1 Ke7 44. c4 Ne6 45. c5 Nd4+ 46. Kf2 Bc7 47. Ne3 Bd8 1/2-1/2

[Event "SRB-chT2 East"]
[Site "Zajecar"]
[Date "2013.10.10"]
[Round "1"]
[White "Kraguljac, Pero"]
[Black "Pantic, Dejan"]
[Result "1/2-1/2"]
[WhiteElo "2126"]
[BlackElo "1859"]
[PlyCount "110"]
[EventDate "2013.10.10"]
[EventType "team-swiss"]
[EventRounds "8"]
[EventCountry "SRB"]
[SourceTitle "EXT 2014"]
[Source "ChessBase"]
[SourceDate "2013.11.20"]
[SourceVersion "1"]
[SourceVersionDate "2013.11.20"]
[SourceQuality "1"]

1. Nf3 d5 2. g3 Nf6 3. Bg2 Nc6 4. 0-0 e5 5. d3 Be7 6. Nbd2 0-0 7. e4 dxe4 8. dxe4 Bg4 9. c3 h6 10. Qc2 Qc8 11. Nc4 Bxf3 12. Bxf3 Nh7 13. Ne3 Ng5 14. Bg2 Rd8 15. Nf5 Bf6 16. h4 Ne6 17. Qe2 Qd7 18. Qf3 Be7 19. Bxh6 gxh6 20. Nxh6+ Kg7 21. Qxf7+ Kxh6 22. Bh3 Bxh4 23. Qxd7 Rxd7 24. Bxe6 Rd6 25. Bf5 Bf6 26. Kg2 Rh8 27. Rad1 Ne7 28. Rxd6 cxd6 29. Be6 Rd8 30. Rd1 Kg7 31. Kf3 Ng6 32. c4 Ne7 33. Kg4 Nc6 34. b3 Nd4 35. Bd5 b6 36. Kh3 Kg6 37. Rd3 Rh8+ 38. Kg2 Kg5 39. b4 Rh7 40. Ra3 Nc2 41. Rb3 Ne1+ 42. Kg1 Nc2 43. b5 Nd4 44. Ra3 Kg4 45. Kg2 Rc7 46. Rd3 Bg7 47. a4 Kg5 48. Ra3 Kf6 49. a5 bxa5 50. Rxa5 Bh6 51. Ra6 Ke7 52. Ra1 Kf6 53. Ra6 Ke7 54. Ra1 Kf6 55. Ra6 Ke7 1/2-1/2

[Event "SRB-chT2 East CS"]
[Site "Serbia"]
[Date "2012.09.15"]
[Round "2.24"]
[White "Petrov, Georgi"]
[Black "Kraguljac, Pero"]
[Result "1-0"]
[WhiteElo "2190"]
[BlackElo "2133"]
[PlyCount "71"]
[EventDate "2012.09.14"]
[EventType "team"]
[EventRounds "9"]
[EventCountry "SRB"]
[SourceTitle "EXT 2015"]
[Source "ChessBase"]
[SourceDate "2014.11.20"]
[SourceVersion "1"]
[SourceVersionDate "2014.11.20"]
[SourceQuality "1"]

1. Nf3 Nf6 2. c4 d6 3. d4 Nbd7 4. e3 g6 5. b3 Bg7 6. Bb2 0-0 7. Be2 e5 8. dxe5 Ng4 9. 0-0 Ndxe5 10. Nc3 Nxf3+ 11. Bxf3 Ne5 12. Be2 Re8 13. Qd2 Bd7 14. Rac1 Be6 15. Nd5 Nd7 16. Bxg7 Kxg7 17. Rfd1 a5 18. h3 Bxd5 19. Qxd5 Nc5 20. Bf3 Qf6 21. Qd4 Rad8 22. Rc3 Re5 23. Bd5 Rde8 24. a3 b6 25. b4 axb4 26. axb4 Na6 27. Bc6 Rf8 28. Rb3 Nb8 29. Bf3 Nd7 30. Ra3 Re7 31. Rda1 Ne5 32. Bd5 c6 33. Be4 c5 34. bxc5 bxc5 35. Qc3 Rd8 36. Qb3 1-0

[Event "SRB-chT2 East"]
[Site "Golubac"]
[Date "2008.10.17"]
[Round "7.2"]
[White "Garic, Radomir"]
[Black "Kraguljac, Pero"]
[Result "1-0"]
[WhiteElo "2251"]
[BlackElo "2207"]
[PlyCount "111"]
[EventDate "2008.09.14"]
[EventType "team"]
[EventRounds "11"]
[EventCountry "SRB"]
[SourceTitle "EXT 2012"]
[Source "ChessBase"]
[SourceDate "2011.11.24"]
[SourceVersion "1"]
[SourceVersionDate "2011.11.24"]
[SourceQuality "1"]

1. e4 d6 2. d4 Nf6 3. Nc3 g6 4. Be3 Bg7 5. f3 c6 6. Qd2 Nbd7 7. Nge2 0-0 8. g4 e5 9. 0-0-0 b5 10. Ng3 b4 11. Nce2 Qa5 12. Kb1 c5 13. dxc5 dxc5 14. Nc1 Qc7 15. h4 Rb8 16. h5 c4 17. hxg6 fxg6 18. g5 Nb6 19. gxf6 Bxf6 20. Qd6 Qxd6 21. Rxd6 Be7 22. Rc6 Bd8 23. Bxb6 Bxb6 24. Bxc4+ Kg7 25. Be2 Rf7 26. Rd1 Bf2 27. Nh1 Bd4 28. Nb3 Bb6 29. Nc5 Bh3 30. Nf2 Bc8 31. Nfd3 Bc7 32. Ne6+ Bxe6 33. Rxe6 Rb5 34. Nf2 Rb6 35. Rxb6 Bxb6 36. Nd3 Kf6 37. Nxb4 Kg5 38. Nd5 Bf2 39. Rf1 Bc5 40. b4 Rb7 41. Ba6 Rb8 42. a3 h5 43. Kc1 Bb6 44. c4 Bd4 45. c5 h4 46. c6 Rh8 47. c7 h3 48. c8Q Rxc8+ 49. Bxc8 h2 50. Bh3 Kh4 51. Bg2 g5 52. Bh1 Kh5 53. Kc2 Kg6 54. Kd3 Kf7 55. f4 gxf4 56. Rxf4+ 1-0

[Event "Nis op"]
[Site "Nis"]
[Date "2004.07.04"]
[Round "8"]
[White "Kraguljac, Pero"]
[Black "Vasic, Zarko"]
[Result "1-0"]
[WhiteElo "2178"]
[BlackElo "2109"]
[PlyCount "45"]
[EventDate "2004.05.28"]
[EventType "swiss"]
[EventRounds "9"]
[EventCountry "YUG"]
[SourceTitle "EXT 2005"]
[Source "ChessBase"]
[SourceDate "2004.11.15"]
[SourceVersion "1"]
[SourceVersionDate "2004.11.15"]
[SourceQuality "1"]

1. e4 e6 2. d4 d5 3. Nd2 Ne7 4. Bd3 Nd7 5. Ne2 b6 6. e5 Bb7 7. 0-0 c5 8. c3 Nc6 9. Nf3 Be7 10. Re1 0-0 11. g3 f6 12. Nf4 Qc8 13. exf6 Bxf6 14. Nxe6 Re8 15. Bf4 Rxe6 16. Rxe6 Nf8 17. Re1 cxd4 18. cxd4 h6 19. Rc1 Qg4 20. Be2 Qh3 21. Ne5 Nxe5 22. Bxe5 Qe6 23. Bg4 1-0